00479nam a22001217a 4500022002600000082000900026100000800035245015400043260005500197300001100252500002200263650007200285 a2522-2252 E-2522-2260 aVol- aJQM aJournal of Quantitative Methods :bA step forward in data driven innovations /cDepartment of Quantitative Methods, School of Business and Economics. aLahore :bUniversity of Management and Technology, c24 cm. aBi-annual Journal aQuantitative Methods - Journals, Business and Economics - Journals.